Normal view
MARC view
Entry Personal Name
001 - CONTROL NUMBER
- control field: 22374
003 - CONTROL NUMBER IDENTIFIER
- control field: ARRUPE
005 - DATE AND TIME OF LATEST TRANSACTION
- control field: 20160220114330.0
008 - FIXED-LENGTH DATA ELEMENTS
- fixed length control field: 160220|| aca||aabn | a|a d
040 ## - CATALOGING SOURCE
- Original cataloging agency: ARRUPE
- Transcribing agency: ARRUPE
100 ## - HEADING--PERSONAL NAME
- Personal name: Harrison, William H.
670 ## - SOURCE DATA FOUND
- Source citation: Work cat.: (ARRUPE)0: Harrison, William H., Frequently-asked questions in Christian theology /, 2008.